000 01069cam a2200229 4500
001 L136996
008 070308s2006 xxk f 000 0 eng d
035 _a(Sirsi) u136996
041 0 _aeng
050 0 4 _a333.33 $2 18
110 2 _aRoyal Institution of Chartered Surveyors
_bPublic Affairs
_94679
245 0 0 _aRICS UK Economic Brief October 2006
_brobust economic growth raises pressure for interest rate rises into 2007
_h[electronic resource]
260 _aLondon
_bRICS
_c2006
490 0 _aRICS UK Economic Brief
_vOctober 2006
520 _aDiscusses economic activity and inflation rates during the third quarter, and predicts an interest rate hike in November. Predicts interest rates to rise in 2007 due to service sector and industrial production growth, and capacity constraints.
590 _aKA
650 2 4 _aRICS UK ECONOMIC BRIEF
651 4 _aUnited Kingdom
_y
690 _aPROPERTY-PROPERTY MARKET
856 4 0 _uhttps://www.rics.org/Global/Downloads/UKEconomicBrief200610.pdf
_zView the item free of charge in the RICS Archive
942 _n0
999 _c106575
_d106575